| 000 | 00647nam a2200193 a 4500 | ||
|---|---|---|---|
| 001 | BRCA_3715 | ||
| 005 | 20190320204409.0 | ||
| 008 | 150909s1991----mx-a---###---#000-0#spa-# | ||
| 041 | _aspa | ||
| 044 | _amx | ||
| 050 | 4 |
_aF1201 _b.M46 1991 |
|
| 245 | 1 | 0 |
_aMemorias de la Academia Mexicana de la Historia _bcorrespondiente de la Real de Madrid. |
| 260 |
_aMéxico _bAcademia Mexicana de la Historia _c1991 |
||
| 300 |
_a265 p. _bil. _c24 cm. |
||
| 440 | 0 |
_aV Centenario 1492-1992 _vXXXIV _99669 |
|
| 500 | _aTítulo en el lomo: Academia Mexicana de la Historia - Memorias 1990-1991 | ||
| 651 | 4 |
_aMéxico _vMemorias _xHistoria _99670 |
|
| 942 |
_2lcc _cB |
||
| 999 |
_c3445 _d3445 |
||